[Event "Regionalliga Sued-Ost 1819"]
[Site "Bayern"]
[Date "2018.12.16"]
[Round "4.8"]
[White "Hartmann, Karl Heinz"]
[Black "Zboril, Josef"]
[Result "1-0"]
[WhiteElo "1816"]
[BlackElo "1691"]
[PlyCount "129"]
[EventDate "2018.10.21"]
[EventType "team-tourn"]
[EventRounds "9"]
[EventCountry "GER"]
[SourceTitle "EXT 2022"]
[Source "ChessBase"]
[SourceDate "2021.10.06"]
[SourceVersion "1"]
[SourceVersionDate "2021.10.06"]
[SourceQuality "1"]
[WhiteTeam "Ebersberg Grafing"]
[BlackTeam "Passau II"]
[WhiteTeamCountry "GER"]
[BlackTeamCountry "GER"]

1. e4 d5 2. exd5 Qxd5 3. d4 Nf6 4. c4 Qa5+ 5. Qd2 Qxd2+ 6. Bxd2 Bf5 7. Nc3 c6 8. Nf3 e6 9. Nh4 Bg4 10. Be2 Bxe2 11. Kxe2 Bd6 12. Rad1 Nbd7 13. Rhe1 0-0-0 14. Nf3 h6 15. h3 Rhe8 16. Be3 Kb8 17. a3 b6 18. b4 Nh5 19. c5 Bf4 20. cxb6 axb6 21. b5 Rc8 22. Rc1 Bxe3 23. fxe3 c5 24. Ne4 Re7 25. dxc5 bxc5 26. Rc4 f5 27. Ned2 Nb6 28. Rh4 Nf6 29. Ne5 Kb7 30. a4 Ra8 31. a5 Nbd5 32. Nb3 Ne4 33. Rc1 Ndc3+ 34. Kf3 Nxb5 35. Nxc5+ Nxc5 36. Rxc5 Nc7 37. Rb4+ Kc8 38. Rb6 g5 39. Nc6 Rg7 40. Nd4 Kd8 41. Nxe6+ Nxe6 42. Rxe6 Rga7 43. Rxf5 Rxa5 44. Rxa5 Rxa5 45. Rxh6 Ke7 46. Rh5 Kf6 47. h4 Rf5+ 48. Kg4 Rf2 49. Kg3 Re2 50. Kf3 Ra2 51. Rxg5 Ra1 52. Rd5 Kg6 53. g4 Ra6 54. Kf4 Rf6+ 55. Rf5 Ra6 56. g5 Ra1 57. Rf6+ Kg7 58. h5 Rf1+ 59. Ke5 Rg1 60. g6 Rg5+ 61. Rf5 Rg1 62. Rf7+ Kg8 63. e4 Rg5+ 64. Kf6 Rxh5 65. Rd7 1-0

[Event "Niederbayernliga 1415"]
[Site "Bayern"]
[Date "2015.01.18"]
[Round "5.7"]
[White "Zboril, Josef"]
[Black "Gassenmann, Karlheinz"]
[Result "1-0"]
[WhiteElo "1718"]
[BlackElo "2001"]
[PlyCount "56"]
[EventDate "2014.10.19"]
[EventType "team-tourn"]
[EventRounds "9"]
[EventCountry "GER"]
[SourceTitle "EXT 2023"]
[Source "ChessBase"]
[SourceDate "2022.10.05"]
[SourceVersion "1"]
[SourceVersionDate "2022.10.05"]
[SourceQuality "1"]
[WhiteTeam "Passau II"]
[BlackTeam "Straubing JVA"]
[WhiteTeamCountry "GER"]
[BlackTeamCountry "GER"]

1. d4 d5 2. c4 c6 3. Nc3 Nf6 4. Nf3 e6 5. Bg5 Be7 6. e3 Nbd7 7. Bd3 0-0 8. Qe2 a6 9. a4 b6 10. 0-0 Bb7 11. Rfd1 dxc4 12. Bxc4 b5 13. axb5 cxb5 14. Bd3 Nd5 15. Bxe7 Qxe7 16. Nxd5 exd5 17. Qc2 Nf6 18. Ne5 Rfc8 19. Qe2 Rc7 20. Qd2 Rac8 21. Bf5 Rd8 22. Rac1 g6 23. Bh3 Ne4 24. Qa5 Rxc1 25. Rxc1 Nd6 26. Rc7 Qe8 27. Qb6 f6 28. Nd7 Rxd7 1-0

[Event "Niederbayernliga 1112"]
[Site "Bayern"]
[Date "2011.??.??"]
[Round "2"]
[White "Pfaeffinger, Georg"]
[Black "Zboril, Josef"]
[Result "1/2-1/2"]
[WhiteElo "1637"]
[BlackElo "1746"]
[PlyCount "28"]
[EventDate "2011.10.??"]
[EventType "team-tourn"]
[EventRounds "9"]
[EventCountry "GER"]
[SourceTitle "EXT 2023"]
[Source "ChessBase"]
[SourceDate "2022.10.05"]
[SourceVersion "1"]
[SourceVersionDate "2022.10.05"]
[SourceQuality "1"]
[WhiteTeam "Geiselhoering"]
[BlackTeam "Passau II"]
[WhiteTeamCountry "GER"]
[BlackTeamCountry "GER"]

1. e4 e6 2. d4 d5 3. exd5 exd5 4. Nf3 Nf6 5. Bd3 Bg4 6. h3 Bxf3 7. Qxf3 Bd6 8. 0-0 0-0 9. Bg5 Nbd7 10. Nd2 c6 11. c3 Qc7 12. Rfe1 Rfe8 13. Nf1 h6 14. Bd2 Rxe1 1/2-1/2

[Event "Landesliga Sued 0910"]
[Site "Bayern"]
[Date "2009.12.13"]
[Round "4.8"]
[White "Jermann, Frank"]
[Black "Zboril, Josef"]
[Result "1/2-1/2"]
[WhiteElo "2060"]
[BlackElo "1759"]
[PlyCount "117"]
[EventDate "2009.10.18"]
[EventType "team-tourn"]
[EventRounds "9"]
[EventCountry "GER"]
[SourceTitle "EXT 2011"]
[Source "ChessBase"]
[SourceDate "2010.11.26"]
[SourceVersion "1"]
[SourceVersionDate "2010.11.26"]
[SourceQuality "1"]
[WhiteTeam "Kriegshaber"]
[BlackTeam "Passau II"]
[WhiteTeamCountry "GER"]
[BlackTeamCountry "GER"]

1. c4 Nf6 2. Nc3 d5 3. cxd5 Nxd5 4. g3 c6 5. Bg2 Nxc3 6. bxc3 g6 7. d4 Bg7 8. e4 Nd7 9. Ne2 Nb6 10. 0-0 Be6 11. Qc2 0-0 12. Rd1 Nc4 13. Nf4 Bc8 14. Nd3 Bg4 15. f3 Bc8 16. Nb2 Be6 17. Nxc4 Bxc4 18. Be3 Qc8 19. f4 f6 20. Rd2 Qe6 21. Rad1 Rfd8 22. Bf2 Qc8 23. e5 fxe5 24. dxe5 Rxd2 25. Qxd2 Be6 26. Bc5 Kf7 27. Qf2 b6 28. Be3 Ke8 29. Be4 Rb8 30. h4 Bf5 31. Bf3 Qe6 32. Qg2 h5 33. Bxc6+ Kf8 34. Bd7 Qf7 35. Bxf5 Qxf5 36. Qd2 Rc8 37. Bd4 Qh3 38. Qg2 Qg4 39. Rf1 Qd7 40. Qe4 Qg4 41. Qd3 Kg8 42. Kg2 Qe6 43. Rf2 Qc6+ 44. Qf3 Qc4 45. Qb7 Rc7 46. Qe4 Qc6 47. Qxc6 Rxc6 48. f5 Kh7 49. f6 exf6 50. exf6 Bf8 51. f7 Rc7 52. Kh3 b5 53. g4 a5 54. g5 b4 55. cxb4 axb4 56. Be5 Rd7 57. Kg2 Rb7 58. Kh3 Rd7 59. Kg2 1/2-1/2

[Event "Landesliga Sued 0910"]
[Site "Bayern"]
[Date "2009.11.29"]
[Round "3.7"]
[White "Zboril, Josef"]
[Black "Rubke, Manfred"]
[Result "0-1"]
[WhiteElo "1759"]
[BlackElo "2118"]
[PlyCount "88"]
[EventDate "2009.10.18"]
[EventType "team-tourn"]
[EventRounds "9"]
[EventCountry "GER"]
[SourceTitle "EXT 2011"]
[Source "ChessBase"]
[SourceDate "2010.11.26"]
[SourceVersion "1"]
[SourceVersionDate "2010.11.26"]
[SourceQuality "1"]
[WhiteTeam "Passau II"]
[BlackTeam "Haunstetten"]
[WhiteTeamCountry "GER"]
[BlackTeamCountry "GER"]

1. d4 Nf6 2. Nf3 b6 3. Nc3 Bb7 4. Bg5 e6 5. e4 Be7 6. Bd3 d5 7. Qe2 dxe4 8. Nxe4 Nbd7 9. Bxf6 Nxf6 10. Bb5+ c6 11. Bd3 Nd5 12. Qd2 Qc7 13. a3 Nf4 14. Bf1 0-0 15. Ne5 Ng6 16. Nxg6 hxg6 17. h4 c5 18. Ng5 cxd4 19. 0-0-0 Rac8 20. Rh3 Qc5 21. f3 b5 22. Bd3 Bd5 23. Kb1 b4 24. axb4 Qxb4 25. Qxb4 Bxb4 26. Ba6 Rb8 27. Kc1 Be7 28. Ne4 Rb6 29. Be2 e5 30. Nf2 f5 31. g4 Rfb8 32. b3 Ba3+ 33. Kd2 Bb4+ 34. Kc1 Rc8 35. c4 Bf7 36. Bd3 Bc3 37. Bc2 Rc5 38. Nd3 Ra5 39. Bb1 Rxb3 40. Kc2 Bxc4 41. Rhh1 e4 42. fxe4 fxe4 43. Nf4 Rb2+ 44. Kc1 Ra1 0-1